Animales domésticos /
Guardado en:
| Autor Principal: | |
|---|---|
| Formato: | Libro |
| Idioma: | Undetermined |
| Publicado: |
Buenos Aires :
Booket,
2008.
|
| Edición: | 1a ed. |
| Series: | Cuentos
|
| Materias: | |
| Etiquetas: |
Agregar Etiqueta
Sin Etiquetas, Sea el primero en etiquetar este registro!
|
| LEADER | 00744nam a22001935a 4500 | ||
|---|---|---|---|
| 001 | CEM.cems025035 | ||
| 008 | 251218s2008####ag############000#0#und#d | ||
| 005 | 20251218165836.0 | ||
| 245 | 1 | 0 | |a Animales domésticos / |c Guillermo Saccomanno. |
| 250 | |a 1a ed. | ||
| 260 | |a Buenos Aires : |b Booket, |c 2008. | ||
| 300 | |a 192 p. | ||
| 490 | 1 | |a Cuentos | |
| 505 | 0 | |a Zippo -- La Tonina Blanca - Animales domésticos -- Deje su mensaje después de la señal -- Las figuritas de Federico -- Hoy es muy lunes -- Fuego -- El secreto de las plantas -- Historia clínica | |
| 020 | |a 9789875802537 | ||
| 100 | 1 | |a Saccomanno, Guillermo. | |
| 653 | |a Literatura argentina | ||
| 653 | |a Cuento argentino | ||
| 859 | |a CEMS |b BIB. CEMS - 11 de abril |h A868.4 |i Sa141 |p 30592.25 |t Ej.1 | ||
